[Event "29th Rilton Cup"]
[Site "Stockholm SWE"]
[Date "1999.12.28"]
[Round "2.8"]
[White "Bartel, Mateusz"]
[Black "Oral, Tomas"]
[Result "0-1"]
[WhiteElo "2343"]
[BlackElo "2541"]
[EventDate "1999.12.27"]
[PlyCount "138"]

1.e4 c5 2.Nf3 Nc6 3.d4 cxd4 4.Nxd4 Qc7 5.c4 Nf6 6.Nc3 Nxe4 7.Ndb5 Qa5 8.
Qf3 Nxc3 9.Bd2 a6 10.Bxc3 Qd8 11.Nd4 Nxd4 12.Bxd4 e5 13.Bxe5 Bb4+ 14.Bc3 
Qe7+ 15.Qe2 Bxc3+ 16.bxc3 d6 17.Qxe7+ Kxe7 18.Rb1 Bd7 19.Bd3 Bc6 20.Kd2 
Kd7 21.h4 Rae8 22.Rhe1 Kc7 23.g3 h6 24.Re3 Rxe3 25.Kxe3 Re8+ 26.Kd4 Bf3 
27.Rc1 Kc6 28.Rb1 f6 29.Rg1 h5 30.Rb1 Re7 31.Rc1 Re5 32.Rb1 Kc7 33.Rc1 Kd7
34.Rb1 Ra5 35.Ra1 Re5 36.Rb1 Ke6 37.Rb6 Ke7 38.Rb1 Kd8 39.Rc1 Kc8 40.Rb1 
Kc7 41.Rc1 g5 42.Rb1 g4 43.Rc1 f5 44.Ra1 Be4 45.Bf1 Bc2 46.Bd3 Bxd3 47.
Kxd3 Kc6 48.a4 Ra5 49.Ra2 b6 50.Kc2 f4 51.Kb3 f3 52.Kc2 Kc5 53.Kb3 Kc6 54.
Kc2 Re5 55.Kd3 Kc5 56.Rb2 Re1 57.Ra2 Re8 58.Rb2 Re7 59.Ra2 Re6 60.Rb2 Re8 
61.Ra2 Re1 62.Rd2 Ra1 63.Ke3 Kxc4 64.Rxd6 Rxa4 65.Rc6+ Kb3 66.Kd3 b5 67.
Rh6 Rc4 68.Rxh5 Rxc3+ 69.Ke4 Rc2 0-1

[Event "29th Rilton Cup"]
[Site "Stockholm SWE"]
[Date "1999.12.28"]
[Round "2.9"]
[White "Ivanov, Sergei"]
[Black "Sjoeberg, Mats"]
[Result "1-0"]
[WhiteElo "2538"]
[BlackElo "2348"]
[EventDate "1999.12.27"]
[PlyCount "159"]

1.d4 Nf6 2.c4 e6 3.Nc3 Bb4 4.Qc2 O-O 5.a3 Bxc3+ 6.Qxc3 b6 7.Bg5 Bb7 8.e3 
d6 9.f3 Nbd7 10.Bd3 c5 11.Ne2 Rc8 12.Qb3 cxd4 13.exd4 Ba6 14.O-O Qc7 15.
Rac1 Nc5 16.dxc5 Qxc5+ 17.Rf2 Qxg5 18.Qa4 Qa5 19.Qxa5 bxa5 20.Nd4 Nd7 21.
b4 Rc7 22.Bf1 Rfc8 23.b5 Bb7 24.Nb3 a4 25.Na5 Nc5 26.Rd1 Rd8 27.Rfd2 Rcd7 
28.Rb1 Kf8 29.Be2 Ke7 30.Rb4 d5 31.cxd5 Rxd5 32.Rc2 Ba8 33.Rbc4 Nb3 34.
Nc6+ Bxc6 35.bxc6 Nd4 36.c7 Rc8 37.Rb2 Nxe2+ 38.Rxe2 Rd7 39.Rec2 Kd6 40.
Rc6+ Ke7 41.R2c4 Rd6 42.R6c5 Rd5 43.Rc6 Ra5 44.Rc2 Kd7 45.R6c4 Ra6 46.Kf2 
f6 47.f4 Ra5 48.R2c3 a6 49.Ke3 g5 50.fxg5 Rxg5 51.Rd4+ Ke7 52.g3 Re5+ 53.
Kf3 Rf5+ 54.Kg4 Rd5 55.Rxa4 a5 56.Rac4 Kd7 57.Kf3 Rf5+ 58.Ke2 Re5+ 59.Kd2 
Rd5+ 60.Kc2 Rh5 61.h4 Rb5 62.Rg4 Kd6 63.Rg7 h5 64.Rh7 Rb7 65.Rd3+ Kc6 66.
Re7 Rbxc7 67.Rxe6+ Kb5+ 68.Kd2 Rc2+ 69.Ke3 R2c3 70.Rxf6 Rxd3+ 71.Kxd3 Ka4 
72.Rf5 Ra8 73.Rxh5 Kxa3 74.Rb5 Ka4 75.Rb1 Rg8 76.Rg1 Kb3 77.g4 a4 78.g5 
Rd8+ 79.Ke3 a3 80.g6 1-0

[Event "29th Rilton Cup"]
[Site "Stockholm SWE"]
[Date "1999.12.28"]
[Round "2.10"]
[White "Bergstroem, Rolf"]
[Black "Aakesson, Ralf"]
[Result "1/2-1/2"]
[WhiteElo "2322"]
[BlackElo "2535"]
[EventDate "1999.12.27"]
[PlyCount "172"]

1.e4 g6 2.d4 Bg7 3.Nc3 d6 4.Be3 a6 5.Qd2 b5 6.a4 b4 7.Nd1 Nf6 8.f3 a5 9.c3
bxc3 10.bxc3 O-O 11.Bd3 Ba6 12.Nf2 c5 13.Ne2 Nfd7 14.O-O Bxd3 15.Qxd3 Nc6 
16.Rfc1 Rb8 17.Qd2 Nb6 18.Bh6 Nc4 19.Qg5 Bxh6 20.Qxh6 Rb2 21.Nf4 e6 22.Ng4
Qe7 23.Nd3 Rd2 24.e5 f5 25.exf6 Rxf6 26.Nxf6+ Qxf6 27.Nf2 Nxd4 28.Rab1 
Ne2+ 29.Kf1 Qf8 30.Qxf8+ Kxf8 31.Rb8+ Kg7 32.Rb7+ Kf8 33.Rb8+ Ke7 34.Rb7+ 
Kd8 35.Rd1 Ne3+ 36.Ke1 Ra2 37.Rd2 Nxc3 38.Rxa2 Nxa2 39.Ne4 Nxg2+ 40.Kf2 
Nf4 41.Nxd6 Nc3 42.Rxh7 Nxa4 43.Nb7+ Ke8 44.Nxa5 Nb6 45.Ke3 Nbd5+ 46.Kd2 
Kf8 47.Nc4 Kg8 48.Ra7 Kf8 49.Ne5 Kg8 50.Rb7 Kf8 51.Ra7 Ke8 52.Nd3 Nh3 53.
Nxc5 Nhf4 54.Nd3 Nh5 55.Ne5 Nhf4 56.Ke1 Ne3 57.Kf2 Nf5 58.Ra4 g5 59.Ra7 
Kf8 60.Ke1 Ne7 61.Kd2 Nfd5 62.Ra6 Nf4 63.Nd3 Nxd3 64.Kxd3 Kf7 65.Ke4 Ng6 
66.Ra1 Kf6 67.Rg1 Nf4 68.Ra1 Ng6 69.Ra5 Nf4 70.h4 Nh3 71.h5 Nf4 72.h6 Kg6 
73.Ke5 Kxh6 74.Kf6 Nh5+ 75.Kf7 Ng3 76.Ra8 g4 77.fxg4 Kg5 78.Rg8+ Kf4 79.g5
e5 80.g6 Nf5 81.Ke6 Kg5 82.Kxe5 Ne7 83.Rg7 Nxg6+ 84.Ke6 Kh5 85.Kf5 Nh4+ 
86.Kf6 Nf3 1/2-1/2

[Event "29th Rilton Cup"]
[Site "Stockholm SWE"]
[Date "1999.12.28"]
[Round "2.11"]
[White "Galkin, Alexander"]
[Black "Couso, Luis"]
[Result "1-0"]
[WhiteElo "2535"]
[BlackElo "2334"]
[EventDate "1999.12.27"]
[PlyCount "117"]

1.e4 c5 2.Nf3 e6 3.d4 cxd4 4.Nxd4 a6 5.Bd3 Bc5 6.Nb3 Be7 7.O-O d6 8.Qg4 g6
9.c4 Nc6 10.Qe2 Qc7 11.Nc3 Bd7 12.Be3 Ne5 13.Rac1 Nf6 14.f3 Nxd3 15.Qxd3 
Rc8 16.Nd2 O-O 17.Qe2 b6 18.a4 Qb7 19.Nb3 Rb8 20.Rc2 Rfc8 21.Rfc1 Be8 22.
Bg5 Nd5 23.Bxe7 Nxc3 24.Rxc3 Qxe7 25.Ra1 e5 26.Qd3 Rc6 27.Kh1 Rbc8 28.Nd2 
Qe6 29.Rac1 R6c7 30.b3 Rc5 31.Nf1 b5 32.cxb5 axb5 33.a5 Rxc3 34.Rxc3 b4 
35.Rxc8 Qxc8 36.Qxd6 Bb5 37.Kg1 Ba6 38.Kf2 Qc2+ 39.Nd2 h5 40.Qxb4 Qd3 41.
Nc4 h4 42.h3 Qd4+ 43.Kf1 Qd1+ 44.Kf2 Qd4+ 45.Ke2 Qg1 46.Qb6 Qxg2+ 47.Ke3 
Qg1+ 48.Kd2 Qg2+ 49.Ke3 Qg1+ 50.Kd2 Qg2+ 51.Kc3 Qxf3+ 52.Kb4 Bxc4 53.bxc4 
Qxe4 54.a6 Qb1+ 55.Kc5 Qg1+ 56.Kc6 Qg2+ 57.Kc7 e4 58.a7 Qg3+ 59.Qd6 1-0

[Event "29th Rilton Cup"]
[Site "Stockholm SWE"]
[Date "1999.12.28"]
[Round "2.12"]
[White "Botsari, Ana-Maria"]
[Black "Gleizerov, Evgeny"]
[Result "0-1"]
[WhiteElo "2309"]
[BlackElo "2520"]
[EventDate "1999.12.27"]
[PlyCount "104"]

1.d4 e6 2.c4 f5 3.Nf3 Nf6 4.g3 d5 5.Bg2 c6 6.O-O Bd6 7.Bf4 Bxf4 8.gxf4 O-O
9.e3 Qe7 10.Qc2 Ne4 11.Nc3 Nd7 12.Ne5 Nxe5 13.dxe5 Nxc3 14.Qxc3 Bd7 15.b4 
Rac8 16.Rab1 h6 17.Qd4 a6 18.Qc5 Qf7 19.Rfd1 Kh8 20.Qb6 Be8 21.Rbc1 Qd7 
22.Bf3 g5 23.cxd5 cxd5 24.Rxc8 Qxc8 25.fxg5 hxg5 26.Bxd5 exd5 27.Qh6+ Kg8 
28.Qxg5+ Kh7 29.Rd4 Bg6 30.Rh4+ Kg7 31.Rh6 Qe6 32.h4 Rh8 33.Rxh8 Kxh8 34.
Qh6+ Kg8 35.Kf1 Bf7 36.Qg5+ Kh7 37.Qf4 Bg6 38.a4 Qc6 39.Qg5 Qc4+ 40.Kg1 
Qg4+ 41.Kf1 Qc4+ 42.Kg1 Qg4+ 43.Kf1 Qxg5 44.hxg5 f4 45.Ke2 Bc2 46.a5 Kg6 
47.Kd2 Be4 48.exf4 d4 49.f3 Bf5 50.Kc1 Kf7 51.Kb2 Ke6 52.Kb3 Kd5 0-1

[Event "29th Rilton Cup"]
[Site "Stockholm SWE"]
[Date "1999.12.28"]
[Round "2.13"]
[White "Hillarp Persson, Tiger"]
[Black "Hermansson, Emil"]
[Result "1/2-1/2"]
[WhiteElo "2507"]
[BlackElo "2314"]
[EventDate "1999.12.27"]
[PlyCount "43"]

1.d4 Nf6 2.c4 g6 3.Nc3 Bg7 4.e4 d6 5.h3 O-O 6.Bg5 c6 7.Nge2 e5 8.d5 Na6 9.
Ng3 cxd5 10.cxd5 Bd7 11.Bxa6 bxa6 12.Qd2 a5 13.O-O a4 14.Nb1 Rb8 15.Na3 
Qb6 16.Nc4 Qa6 17.Rfc1 Rfc8 18.b3 Bb5 19.Ne3 Bd7 20.Nc4 Bb5 21.Ne3 Bd7 22.
Nc4 1/2-1/2

[Event "29th Rilton Cup"]
[Site "Stockholm SWE"]
[Date "1999.12.28"]
[Round "2.14"]
[White "Welin, Mats"]
[Black "Hector, Jonny"]
[Result "0-1"]
[WhiteElo "2286"]
[BlackElo "2505"]
[EventDate "1999.12.27"]
[PlyCount "66"]

1.e4 e5 2.Nf3 Nc6 3.Bb5 a6 4.Ba4 Nf6 5.O-O b5 6.Bb3 Bb7 7.d3 Bc5 8.a4 O-O 
9.Be3 Bxe3 10.fxe3 d6 11.Nc3 b4 12.Ne2 Na5 13.Ba2 c5 14.Nd2 Bc8 15.Ng3 Be6
16.Nc4 Nc6 17.Nf5 Ne8 18.Qh5 Ne7 19.Rf3 Nxf5 20.exf5 Bxc4 21.Bxc4 d5 22.
Ba2 Nf6 23.Qg5 h6 24.Qh4 Rc8 25.g4 c4 26.g5 Nh7 27.Rg3 Nxg5 28.Qg4 e4 29.
dxe4 dxe4 30.Rf1 Qf6 31.h4 Nf3+ 32.Kg2 Nxh4+ 33.Kh1 Nf3 0-1

[Event "29th Rilton Cup"]
[Site "Stockholm SWE"]
[Date "1999.12.28"]
[Round "2.16"]
[White "Votava, Jan"]
[Black "Bjarnehag, Peter"]
[Result "1/2-1/2"]
[WhiteElo "2497"]
[BlackElo "2257"]
[EventDate "1999.12.27"]
[PlyCount "53"]

1.e4 c5 2.Nf3 e6 3.d4 cxd4 4.Nxd4 Nf6 5.Nc3 Nc6 6.Ndb5 d6 7.Bf4 e5 8.Bg5 
a6 9.Bxf6 gxf6 10.Na3 f5 11.exf5 Bxf5 12.Nc4 Be6 13.Ne3 Bh6 14.Ned5 O-O 
15.g3 f5 16.Bg2 Rc8 17.O-O b5 18.a3 Nd4 19.f4 Bg7 20.Ne2 Nxe2+ 21.Qxe2 e4 
22.Rad1 Bxb2 23.g4 Rc5 24.Ne3 Bc4 25.Nxc4 Rxc4 26.Rd5 Bxa3 27.Kh1 1/2-1/2

[Event "29th Rilton Cup"]
[Site "Stockholm SWE"]
[Date "1999.12.28"]
[Round "2.17"]
[White "Marttala, Thomas"]
[Black "Brynell, Stellan"]
[Result "0-1"]
[WhiteElo "2240"]
[BlackElo "2488"]
[EventDate "1999.12.27"]
[PlyCount "60"]

1.d4 d5 2.c4 Nc6 3.Nc3 Nf6 4.e3 dxc4 5.Bxc4 e5 6.Nf3 exd4 7.exd4 Bd6 8.h3 
h6 9.O-O O-O 10.Bb3 Bf5 11.Nb5 a6 12.Nxd6 Qxd6 13.Be3 Rad8 14.Rc1 Nd5 15.
Rc5 Nxe3 16.fxe3 Qxc5 17.dxc5 Rxd1 18.Rxd1 Rd8 19.Nd4 Be4 20.Nxc6 Rxd1+ 
21.Bxd1 Bxc6 22.Bf3 Bxf3 23.gxf3 f5 24.Kf2 Kf7 25.b4 Ke6 26.Ke2 Kd5 27.Kd3
g5 28.f4 gxf4 29.exf4 a5 30.a3 axb4 0-1

[Event "29th Rilton Cup"]
[Site "Stockholm SWE"]
[Date "1999.12.28"]
[Round "2.18"]
[White "Wedberg, Tom"]
[Black "Von Bahr, Oskar"]
[Result "1/2-1/2"]
[WhiteElo "2487"]
[BlackElo "2240"]
[EventDate "1999.12.27"]
[PlyCount "80"]

1.e4 c5 2.Nf3 Nc6 3.d4 cxd4 4.Nxd4 Nf6 5.Nc3 e5 6.Ndb5 d6 7.Bg5 a6 8.Na3 
b5 9.Bxf6 gxf6 10.Nd5 Bg7 11.c3 f5 12.exf5 Bxf5 13.Nc2 Be6 14.Nce3 O-O 15.
Bd3 f5 16.O-O Ra7 17.a4 Ne7 18.Bc2 Nxd5 19.Nxd5 bxa4 20.Rxa4 Kh8 21.Qd2 a5
22.Rd1 Rb7 23.b3 Bd7 24.Ra2 Rb5 25.c4 Rc5 26.Nc3 Rf6 27.Qe3 Bh6 28.Qh3 Bf4
29.g3 Rh6 30.Qg2 e4 31.Nd5 Be5 32.f3 exf3 33.Qxf3 Qg5 34.Bd3 Rg6 35.Rf1 
Rg8 36.Rg2 Rb8 37.Qd1 Be6 38.Nf4 Bd7 39.Nd5 Be6 40.Nf4 Bd7 1/2-1/2

[Event "29th Rilton Cup"]
[Site "Stockholm SWE"]
[Date "1999.12.28"]
[Round "2.19"]
[White "Nyysti, Sampsa"]
[Black "Meijers, Viesturs"]
[Result "0-1"]
[WhiteElo "2152"]
[BlackElo "2472"]
[EventDate "1999.12.27"]
[PlyCount "70"]

1.e4 e5 2.Nf3 Nf6 3.Nc3 Bb4 4.Nxe5 O-O 5.Be2 d6 6.Nd3 Bxc3 7.dxc3 Nxe4 8.
O-O h6 9.c4 Nc6 10.Nf4 Re8 11.Nd5 Nf6 12.b3 Nxd5 13.cxd5 Nb4 14.Bf3 Bf5 
15.Bb2 Qg5 16.a3 Na6 17.b4 Nb8 18.g3 Nd7 19.Bg2 Be4 20.f3 Qe3+ 21.Rf2 Bg6 
22.Bf1 Ne5 23.Kg2 h5 24.Bd4 Qh6 25.Re2 h4 26.Qe1 f6 27.Qf2 hxg3 28.Qxg3 
Bh5 29.Re3 Nxf3 30.Rxf3 Re4 31.Rxf6 Qd2+ 32.Qf2 Qg5+ 33.Kh1 gxf6 34.Bxf6 
Rf8 35.Bxg5 Rxf2 0-1

[Event "29th Rilton Cup"]
[Site "Stockholm SWE"]
[Date "1999.12.28"]
[Round "2.20"]
[White "Bellon Lopez, Juan Manuel"]
[Black "Loegdahl, Harald"]
[Result "1-0"]
[WhiteElo "2463"]
[BlackElo "2226"]
[EventDate "1999.12.27"]
[PlyCount "49"]

1.b3 e5 2.Bb2 d6 3.d4 g6 4.dxe5 Bg7 5.Nc3 Bxe5 6.Nf3 Bg7 7.Qd2 Nf6 8.O-O-O
O-O 9.g3 c6 10.Qxd6 Qa5 11.Qd2 Ng4 12.Ne4 Qxd2+ 13.Nfxd2 f5 14.h3 fxe4 15.
hxg4 e3 16.Ne4 exf2 17.Ba3 Re8 18.e3 Bxg4 19.Bc4+ Kh8 20.Nd6 Rf8 21.Nf7+ 
Rxf7 22.Rd8+ Bf8 23.Bxf7 Kg7 24.Rxf8 Bh3 25.Bb2+ 1-0

[Event "29th Rilton Cup"]
[Site "Stockholm SWE"]
[Date "1999.12.28"]
[Round "2.21"]
[White "Bekker-Jensen, Anne"]
[Black "Rivas Pastor, Manuel"]
[Result "1/2-1/2"]
[WhiteElo "2074"]
[BlackElo "2450"]
[EventDate "1999.12.27"]
[PlyCount "96"]

1.d4 Nf6 2.c4 e6 3.Nc3 d5 4.cxd5 exd5 5.Bg5 c6 6.Qc2 Be7 7.e3 O-O 8.Bd3 
Nbd7 9.Nf3 Re8 10.O-O Nf8 11.h3 Be6 12.Rab1 N6d7 13.Bxe7 Qxe7 14.b4 Rac8 
15.Rfc1 Qf6 16.Qd1 Ng6 17.b5 c5 18.dxc5 Rxc5 19.Na4 Rcc8 20.b6 Rxc1 21.
Rxc1 axb6 22.Rb1 Nge5 23.Nxe5 Nxe5 24.Rxb6 Rc8 25.Rxb7 Nxd3 26.Qxd3 Bxh3 
27.Qxd5 Rc1+ 28.Kh2 Bc8 29.Rb4 g5 30.Nc5 Rc2 31.Nd3 Be6 32.Rb8+ Kg7 33.Qd8
Qxd8 34.Rxd8 Rxa2 35.Kg1 h5 36.Nc5 Bc4 37.Ne4 Ra5 38.Rd4 Be6 39.f3 h4 40.
Rd2 Kg6 41.Rd8 Kg7 42.Rd2 Re5 43.Rd4 Rb5 44.Rd2 Ra5 45.Rc2 Bf5 46.Rc4 Be6 
47.Rc2 Kg6 48.Rc5 Rxc5 1/2-1/2

[Event "29th Rilton Cup"]
[Site "Stockholm SWE"]
[Date "1999.12.28"]
[Round "2.22"]
[White "Socko, Monika"]
[Black "Evertsson, Kristian"]
[Result "1-0"]
[WhiteElo "2438"]
[BlackElo "2080"]
[EventDate "1999.12.27"]
[PlyCount "45"]

1.e4 e5 2.Nf3 Nc6 3.Bb5 a6 4.Ba4 d6 5.O-O Bg4 6.h3 h5 7.d3 Qf6 8.Bxc6+ 
bxc6 9.Nc3 Ne7 10.hxg4 hxg4 11.Ng5 Qh6 12.f3 Qh2+ 13.Kf2 g3+ 14.Ke1 Ng6 
15.f4 Nh4 16.Qg4 f5 17.exf5 Nxg2+ 18.Kd1 O-O-O 19.fxe5 Rh4 20.Qe2 Qh1 21.
Nce4 Nf4 22.Bxf4 g2 23.Kd2 1-0

[Event "29th Rilton Cup"]
[Site "Stockholm SWE"]
[Date "1999.12.28"]
[Round "2.25"]
[White "Ernst, Thomas"]
[Black "Siegbahn, Patrick"]
[Result "1-0"]
[WhiteElo "2409"]
[BlackElo "2077"]
[EventDate "1999.12.27"]
[PlyCount "65"]

1.e4 c5 2.Nf3 Nc6 3.d4 cxd4 4.Nxd4 g6 5.c4 Nf6 6.Nc3 Nxd4 7.Qxd4 d6 8.Be2 
Bg7 9.O-O O-O 10.Qe3 Be6 11.Rb1 a6 12.b3 Nd7 13.Bd2 f5 14.exf5 Bxf5 15.
Rbd1 Ne5 16.Nd5 b5 17.f4 Nc6 18.Bc3 Bxc3 19.Qxc3 b4 20.Qe3 e6 21.Nb6 Rb8 
22.c5 d5 23.g4 Be4 24.Bd3 Qh4 25.Bxe4 dxe4 26.Nd7 Rbd8 27.Qxe4 Qxg4+ 28.
Kh1 g5 29.Qxc6 Rxf4 30.Nf6+ Rxf6 31.Rxd8+ Kg7 32.Qd7+ Kg6 33.Qe8+ 1-0

[Event "29th Rilton Cup"]
[Site "Stockholm SWE"]
[Date "1999.12.28"]
[Round "2.29"]
[White "Ohlzon, Nils-Johan"]
[Black "Nataf, Igor-Alexandre"]
[Result "0-1"]
[WhiteElo "2114"]
[BlackElo "2504"]
[EventDate "1999.12.27"]
[PlyCount "76"]

1.e4 c5 2.Nf3 Nc6 3.Bb5 g6 4.O-O Bg7 5.Nc3 Nd4 6.Re1 Nxb5 7.Nxb5 d6 8.c4 
Nf6 9.d3 O-O 10.Rb1 Ne8 11.Nc3 Nc7 12.Bd2 h6 13.Nd5 Ne6 14.Bc3 Nd4 15.Nd2 
e6 16.Ne3 f5 17.exf5 gxf5 18.Qh5 Qg5 19.Qxg5 hxg5 20.b4 Rd8 21.Bxd4 cxd4 
22.Nef1 a5 23.a3 axb4 24.axb4 Ra3 25.Rb3 Ra2 26.c5 e5 27.cxd6 Rxd6 28.Nc4 
Re6 29.f3 Bd7 30.b5 Rc2 31.Ra1 e4 32.fxe4 fxe4 33.Ra8+ Kh7 34.Rd8 Re7 35.
Nb6 Be6 36.Nd5 Bxd5 37.Rxd5 e3 38.Ng3 Rc1+ 0-1

[Event "29th Rilton Cup"]
[Site "Stockholm SWE"]
[Date "1999.12.28"]
[Round "2.40"]
[White "Handke, Harald"]
[Black "Haardstam, Johan"]
[Result "1-0"]
[WhiteElo "2170"]
[BlackElo "2040"]
[EventDate "1999.12.27"]
[PlyCount "61"]

1.d4 b5 2.a4 b4 3.c4 d5 4.e3 Nf6 5.Nf3 e6 6.Nbd2 Ba6 7.b3 c5 8.Bb2 Nc6 9.
Ne5 Na5 10.Be2 Be7 11.cxd5 Bxe2 12.Qxe2 O-O 13.dxe6 fxe6 14.O-O a6 15.Rac1
Qb6 16.Nd3 cxd4 17.Bxd4 Qb7 18.Nc5 Bxc5 19.Rxc5 Nc6 20.Bxf6 Rxf6 21.Qc4 
Nd8 22.Ne4 Rg6 23.f3 Qb6 24.a5 Qb7 25.Rd1 h6 26.Rc7 Qb8 27.Rdd7 Kh7 28.Qd4
e5 29.Qxe5 Ne6 30.Nf6+ Kh8 31.Qxe6 1-0

[Event "29th Rilton Cup"]
[Site "Stockholm SWE"]
[Date "1999.12.29"]
[Round "3.1"]
[White "Brynell, Stellan"]
[Black "Volzhin, Alexander"]
[Result "1/2-1/2"]
[WhiteElo "2488"]
[BlackElo "2562"]
[EventDate "1999.12.27"]
[PlyCount "79"]

1.e4 c5 2.Nf3 e6 3.c3 Nf6 4.e5 Nd5 5.d4 cxd4 6.cxd4 d6 7.Bc4 Nb6 8.Bd3 Nc6
9.O-O Nb4 10.Be2 Be7 11.Nc3 O-O 12.a3 N4d5 13.Ne4 dxe5 14.dxe5 Bd7 15.Bd3 
Rc8 16.Bg5 h6 17.Bxe7 Qxe7 18.Nd6 Rcd8 19.Qd2 Bc6 20.Nd4 Nc8 21.Nxc6 bxc6 
22.Nxc8 Rxc8 23.g3 Rfd8 24.Qe2 c5 25.Rac1 Nb6 26.Rc2 Rd5 27.Rfc1 g6 28.b4 
Rcd8 29.Be4 c4 30.Bxd5 exd5 31.Rd1 d4 32.Rxc4 Nxc4 33.Qxc4 Qxe5 34.a4 h5 
35.h4 d3 36.Rxd3 Qe1+ 37.Kg2 Rxd3 38.Qxd3 Qxb4 39.Qd7 a5 40.Qe8+ 1/2-1/2

[Event "29th Rilton Cup"]
[Site "Stockholm SWE"]
[Date "1999.12.29"]
[Round "3.2"]
[White "Oral, Tomas"]
[Black "Bellon Lopez, Juan Manuel"]
[Result "1-0"]
[WhiteElo "2541"]
[BlackElo "2463"]
[EventDate "1999.12.27"]
[PlyCount "47"]

1.e4 c5 2.Nf3 g6 3.c3 Bg7 4.d4 cxd4 5.cxd4 d5 6.exd5 Nf6 7.Bb5+ Nbd7 8.d6 
exd6 9.Qe2+ Qe7 10.Bf4 Qxe2+ 11.Bxe2 Ke7 12.Nc3 Nb6 13.O-O Nbd5 14.Nxd5+ 
Nxd5 15.Bg5+ f6 16.Bh4 Be6 17.Rfe1 Nf4 18.Bf1 Kf7 19.Re4 Bh6 20.Bg3 Nh5 
21.Rae1 Nxg3 22.Rxe6 Nf5 23.g4 Ng7 24.Rxd6 1-0

[Event "29th Rilton Cup"]
[Site "Stockholm SWE"]
[Date "1999.12.29"]
[Round "3.3"]
[White "Meijers, Viesturs"]
[Black "Ivanov, Sergei"]
[Result "1/2-1/2"]
[WhiteElo "2472"]
[BlackElo "2538"]
[EventDate "1999.12.27"]
[PlyCount "132"]

1.e4 c5 2.Nf3 Nc6 3.d4 cxd4 4.Nxd4 Nf6 5.Nc3 d6 6.Bg5 e6 7.Qd2 a6 8.Be2 h6
9.Be3 Be7 10.O-O Nxd4 11.Qxd4 b5 12.f4 Rb8 13.a3 Bb7 14.Rad1 O-O 15.Kh1 
Rc8 16.a4 bxa4 17.Qxa4 Qc7 18.Ra1 Bc6 19.Qd4 e5 20.Qd3 Rb8 21.b3 Rfc8 22.
Ra2 Ba8 23.Nd5 Bxd5 24.exd5 Qc3 25.fxe5 Qxd3 26.Bxd3 Nxd5 27.Ba7 Ra8 28.
Be4 Nb4 29.Bxa8 Rxa8 30.Ra4 dxe5 31.c3 Rxa7 32.cxb4 Rb7 33.Rxa6 Bxb4 34.g3
g6 35.Rc1 Kg7 36.Kg2 h5 37.Rcc6 Rd7 38.Rc2 Rb7 39.Rac6 Ba5 40.R6c5 Bd8 41.
Rxe5 Rxb3 42.Rd5 Bf6 43.Rd7 g5 44.Rf2 Rb6 45.h3 Kg6 46.Rd5 Ra6 47.Rfd2 Ra3
48.R5d3 Ra7 49.Rd6 Kg7 50.Kf3 Ra3+ 51.R2d3 Ra4 52.R6d5 Kg6 53.Rb3 g4+ 54.
hxg4 hxg4+ 55.Ke3 Bg5+ 56.Kd3 Ra2 57.Rd4 f5 58.Rd6+ Kh5 59.Rd5 Rd2+ 60.Kc4
Rxd5 61.Kxd5 f4 62.gxf4 Bxf4 63.Ke4 Bd6 64.Rb6 Bc7 65.Rb7 Bd6 66.Kf5 Kh4 
1/2-1/2

[Event "29th Rilton Cup"]
[Site "Stockholm SWE"]
[Date "1999.12.29"]
[Round "3.4"]
[White "Socko, Monika"]
[Black "Galkin, Alexander"]
[Result "0-1"]
[WhiteElo "2438"]
[BlackElo "2535"]
[EventDate "1999.12.27"]
[PlyCount "61"]

1.e4 c5 2.Nf3 d6 3.d4 cxd4 4.Nxd4 Nf6 5.Nc3 e6 6.Be3 a6 7.f3 b5 8.g4 h6 9.
Qd2 Nbd7 10.O-O-O Bb7 11.h4 b4 12.Nce2 d5 13.exd5 Nxd5 14.Nf4 Nxe3 15.Qxe3
Qb6 16.Bc4 O-O-O 17.Nd3 Be7 18.Rd2 Bf6 19.c3 bxc3 20.bxc3 Qc7 21.Bb3 Nb6 
22.Kb1 Kb8 23.Nb4 Ka8 24.a4 Nc4 25.Bxc4 Qxc4 26.Rhh2 Rc8 27.Kb2 Rhd8 28.f4
a5 29.Nb5 Rxd2+ 30.Rxd2 Qxb4+ 31.Kc1 0-1

[Event "29th Rilton Cup"]
[Site "Stockholm SWE"]
[Date "1999.12.29"]
[Round "3.5"]
[White "Gleizerov, Evgeny"]
[Black "Radziewicz, Iweta"]
[Result "1-0"]
[WhiteElo "2520"]
[BlackElo "2395"]
[EventDate "1999.12.27"]
[PlyCount "53"]

1.d4 e6 2.c4 b6 3.e4 Bb7 4.Bd3 f5 5.exf5 Bb4+ 6.Kf1 Nf6 7.Nf3 O-O 8.a3 Bd6
9.Nc3 Nc6 10.Bg5 Ne7 11.fxe6 dxe6 12.Qe2 Qd7 13.Re1 e5 14.Bxf6 gxf6 15.Be4
Bxe4 16.Qxe4 Ng6 17.h4 Qg7 18.Rh3 Kh8 19.dxe5 Bxe5 20.h5 f5 21.Qc2 Nf4 22.
Rg3 Qf7 23.Nxe5 Qxh5 24.Kg1 Rae8 25.Qd2 Nxg2 26.Nf7+ Qxf7 27.Qd4+ 1-0

[Event "29th Rilton Cup"]
[Site "Stockholm SWE"]
[Date "1999.12.29"]
[Round "3.6"]
[White "Hector, Jonny"]
[Black "Handke, Florian"]
[Result "1-0"]
[WhiteElo "2505"]
[BlackElo "2361"]
[EventDate "1999.12.27"]
[PlyCount "79"]

1.e4 c5 2.Nf3 e6 3.d4 cxd4 4.Nxd4 a6 5.Nc3 b5 6.Bd3 Qb6 7.Nf3 Qc7 8.O-O 
Bb7 9.a4 b4 10.Ne2 Nf6 11.Bf4 d6 12.Ng3 Nbd7 13.Qd2 Rb8 14.Rfe1 Ne5 15.
Nxe5 dxe5 16.Bg5 Nd7 17.Nh5 f6 18.Be3 g6 19.Ng3 h5 20.Qe2 Qc6 21.f3 Bc5 
22.Bxc5 Nxc5 23.Bc4 Rd8 24.a5 Ke7 25.Red1 Qc7 26.b3 h4 27.Nf1 h3 28.g3 
Rxd1 29.Rxd1 Qxa5 30.Qe3 Qc7 31.c3 bxc3 32.Qxc3 Rd8 33.Rc1 Qd6 34.Be2 Rc8 
35.Rd1 Qb6 36.Qe3 Qxb3 37.Qh6 Rf8 38.Ne3 g5 39.Nc4 Qc2 40.Nd6 1-0

[Event "29th Rilton Cup"]
[Site "Stockholm SWE"]
[Date "1999.12.29"]
[Round "3.7"]
[White "Kallio, Heikki"]
[Black "Cramling, Pia"]
[Result "1/2-1/2"]
[WhiteElo "2360"]
[BlackElo "2504"]
[EventDate "1999.12.27"]
[PlyCount "86"]

1.e4 c5 2.Nf3 e6 3.d4 cxd4 4.Nxd4 Nc6 5.Nc3 Qc7 6.g3 a6 7.Bg2 d6 8.O-O Nf6
9.h3 Be7 10.a4 Rb8 11.g4 h6 12.Nde2 b5 13.axb5 axb5 14.Ng3 b4 15.Nce2 g5 
16.Be3 Ne5 17.b3 Bb7 18.Ra2 Ra8 19.Rxa8+ Bxa8 20.Bd4 h5 21.gxh5 Nxh5 22.
Nxh5 Rxh5 23.c3 Rh4 24.Qa1 Qb8 25.f3 Bc6 26.c4 Nd7 27.Bf2 Rh7 28.Nd4 Qb7 
29.Nxc6 Qxc6 30.Qa5 Qb7 31.Be1 Nc5 32.Qxb4 Qxb4 33.Bxb4 Nxb3 34.Rd1 Nc5 
35.Bc3 f6 36.Bd4 Kf7 37.Kf2 Rh8 38.Bxc5 dxc5 39.Kg3 Rb8 40.Bf1 Rb3 41.Rd2 
Rb6 42.h4 Rb1 43.Be2 gxh4+ 1/2-1/2

[Event "29th Rilton Cup"]
[Site "Stockholm SWE"]
[Date "1999.12.29"]
[Round "3.8"]
[White "Ulybin, Mikhail"]
[Black "Berg, Emanuel"]
[Result "1/2-1/2"]
[WhiteElo "2569"]
[BlackElo "2348"]
[EventDate "1999.12.27"]
[PlyCount "107"]

1.e4 e6 2.d4 d5 3.Nd2 Nf6 4.e5 Nfd7 5.c3 c5 6.Bd3 Nc6 7.Ne2 cxd4 8.cxd4 f6
9.exf6 Nxf6 10.O-O Bd6 11.Nf3 Qc7 12.h3 O-O 13.Be3 h6 14.Rc1 a6 15.Re1 Bd7
16.Nc3 Be8 17.Ne5 Bxe5 18.dxe5 Nd7 19.Na4 Ndxe5 20.Bb6 Qf7 21.Bc5 Nb4 22.
Rxe5 Bxa4 23.b3 Nxd3 24.Qxd3 Bb5 25.Qe3 Rfe8 26.a4 Bd7 27.Bd4 Rac8 28.Rxc8
Rxc8 29.Kh2 Rf8 30.Kg1 Qf4 31.Qd3 Rc8 32.Re1 Rf8 33.Qc3 e5 34.Rxe5 Rc8 35.
g3 Rxc3 36.gxf4 Rxb3 37.Re7 Bxa4 38.Rxg7+ Kf8 39.Rc7 Be8 40.f5 Bf7 41.Bc5+
Kg7 42.Bd4+ Kf8 43.f4 Rxh3 44.Bc5+ Kg7 45.Bd4+ Kf8 46.Rxb7 Rf3 47.Bc5+ Kg7
48.Bd4+ Kf8 49.Bc5+ Kg7 50.Bd6 d4 51.Be5+ Kf8 52.Bd6+ Kg7 53.Be5+ Kf8 54.
Bd6+ 1/2-1/2

[Event "29th Rilton Cup"]
[Site "Stockholm SWE"]
[Date "1999.12.29"]
[Round "3.9"]
[White "Westerinen, Heikki"]
[Black "Sax, Gyula"]
[Result "1-0"]
[WhiteElo "2382"]
[BlackElo "2588"]
[EventDate "1999.12.27"]
[PlyCount "74"]

1.e4 c5 2.Nf3 e6 3.g3 d5 4.e5 Nc6 5.d3 Qc7 6.Bf4 Nge7 7.Bg2 Ng6 8.O-O f6 
9.Re1 fxe5 10.Bc1 Be7 11.c4 dxc4 12.dxc4 O-O 13.Nc3 Nd4 14.h4 Nxf3+ 15.
Bxf3 Bxh4 16.Be4 Qf7 17.Be3 Be7 18.Na4 Rd8 19.Qh5 Bd7 20.Nxc5 Bc6 21.Bxc6 
bxc6 22.Rad1 Qf5 23.Qh1 Bxc5 24.Bxc5 e4 25.Bd4 c5 26.Bc3 Rxd1 27.Rxd1 Rf8 
28.Qg2 Qg4 29.Re1 Rf3 30.Re3 h5 31.Rxf3 exf3 32.Qf1 h4 33.Qe1 Nf4 34.Qe5 
Ne2+ 35.Kf1 hxg3 36.fxg3 Nxg3+ 37.Ke1 Ne4 1-0

[Event "29th Rilton Cup"]
[Site "Stockholm SWE"]
[Date "1999.12.29"]
[Round "3.10"]
[White "Hermansson, Emil"]
[Black "Kempinski, Robert"]
[Result "0-1"]
[WhiteElo "2314"]
[BlackElo "2549"]
[EventDate "1999.12.27"]
[PlyCount "50"]

1.e4 c5 2.Nf3 d6 3.d4 cxd4 4.Nxd4 Nf6 5.Nc3 a6 6.Be2 e6 7.O-O Be7 8.a4 Qc7
9.Be3 Nc6 10.f4 O-O 11.Kh1 Re8 12.Bf3 Na5 13.g4 Bf8 14.Bg2 Rb8 15.g5 Nd7 
16.Qh5 Nc4 17.Bc1 g6 18.Qh3 Bg7 19.Nde2 b5 20.axb5 axb5 21.b4 Qb6 22.Ra2 
Bb7 23.f5 exf5 24.Nf4 Bxc3 25.Qxc3 Bxe4 0-1

[Event "29th Rilton Cup"]
[Site "Stockholm SWE"]
[Date "1999.12.29"]
[Round "3.11"]
[White "Aakesson, Ralf"]
[Black "Aengskog, Kent"]
[Result "1-0"]
[WhiteElo "2535"]
[BlackElo "2247"]
[EventDate "1999.12.27"]
[PlyCount "93"]

1.d4 g6 2.e4 Bg7 3.c4 d6 4.Nc3 Nc6 5.Be3 e5 6.d5 Nce7 7.c5 f5 8.Bb5+ Kf8 
9.cxd6 cxd6 10.Nge2 f4 11.Bd2 Nf6 12.f3 g5 13.Nc1 g4 14.Qe2 a6 15.Bd3 h5 
16.h3 gxh3 17.gxh3 h4 18.Nb3 Nh5 19.Qf2 Ng3 20.Rh2 b5 21.Nd1 Bd7 22.Ba5 
Qb8 23.Rc1 Nc8 24.Bc7 Qa7 25.Qxa7 Rxa7 26.Rhc2 Kf7 27.Nf2 Bf6 28.Ng4 Bg5 
29.Kf2 Rf8 30.Ba5 Be7 31.Rc7 Rxc7 32.Rxc7 Ke8 33.Rb7 Nh1+ 34.Kg2 Ng3 35.
Bb4 Bxg4 36.hxg4 h3+ 37.Kxh3 Rh8+ 38.Kg2 Rh1 39.Rb8 Kd7 40.Ba5 Bg5 41.Rb7+
Ke8 42.Rb8 Kd7 43.a4 bxa4 44.Bxa6 axb3 45.Bxc8+ Ke7 46.Be6 Kf6 47.Rg8 1-0